000 00564nam a2200229Ia 4500
999 _c35491
_d35491
001 1351
003 GE_BSU
005 20210309142529.0
008 181216s2010||||enk|||||||||||||| ||eng||
020 _a9781848828902
040 _cGE_BSU
041 _aeng
080 _a514 P-91
100 _aPressley, Andrew
_910394
245 _aElementary Differential Geometry.
250 _aSecond edition
264 _aLondon:
_c2010.
_bSpringer,
300 _a473 p.
653 _aDiferential Geometry.
653 _aგეომეტრია
942 _cBK
_2udc